[Event "GER-ch34 V5 email"]
[Site "GER email"]
[Date "2002.03.23"]
[Round "?"]
[White "Koch, Hans Georg"]
[Black "Nehring, Ernst"]
[Result "1-0"]
[WhiteElo "2233"]
[BlackElo "2289"]
[PlyCount "115"]
[EventDate "2002.03.23"]
[EventType "tourn (corr)"]
[EventRounds "10"]
[EventCountry "GER"]
[SourceTitle "Corr 2008"]
[Source "ChessBase"]
[SourceDate "2008.06.24"]
[SourceVersion "1"]
[SourceVersionDate "2008.06.24"]
[SourceQuality "1"]

1. e4 e5 2. Nf3 Nc6 3. Bb5 a6 4. Ba4 Nf6 5. 0-0 Be7 6. Re1 b5 7. Bb3 0-0 8. c3 d6 9. h3 Bb7 10. d4 Re8 11. Nbd2 exd4 12. cxd4 Na5 13. Bc2 c5 14. d5 Nd7 15. Rb1 Bf6 16. b3 Bc3 17. Bb2 Bxb2 18. Rxb2 Qf6 19. Rb1 Bc8 20. Bd3 Rb8 21. Qc2 h6 22. a3 Re7 23. Re3 Nb7 24. a4 Nd8 25. axb5 axb5 26. Rbe1 Kh8 27. Qc1 Kg8 28. Qa3 b4 29. Qa5 Bb7 30. Nc4 Ra8 31. Qc7 Ne5 32. Qxd6 Qxd6 33. Nxd6 Nxd3 34. Rxd3 Ba6 35. Rde3 Nb7 36. Nf5 Ree8 37. e5 Bb5 38. d6 Bd7 39. Ne7+ Kf8 40. Nd5 Ra2 41. Nc7 Rb8 42. e6 Bxe6 43. Nxe6+ fxe6 44. Rxe6 Ra6 45. d7 Rxe6 46. Rxe6 Rd8 47. Ne5 Na5 48. Rd6 Ke7 49. Rd3 g5 50. g3 Ke6 51. f4 h5 52. Kf2 h4 53. Re3 hxg3+ 54. Kxg3 gxf4+ 55. Kxf4 Rf8+ 56. Kg3 Rg8+ 57. Kf3 Rf8+ 58. Ke2 1-0

[Event "GER-ch34 V5 email"]
[Site "GER email"]
[Date "2002.03.23"]
[Round "?"]
[White "Nehring, Ernst"]
[Black "Mehlhorn, Uwe"]
[Result "1/2-1/2"]
[WhiteElo "2289"]
[BlackElo "2218"]
[PlyCount "67"]
[EventDate "2002.03.23"]
[EventType "tourn (corr)"]
[EventRounds "10"]
[EventCountry "GER"]
[SourceTitle "Corr 2008"]
[Source "ChessBase"]
[SourceDate "2008.06.24"]
[SourceVersion "1"]
[SourceVersionDate "2008.06.24"]
[SourceQuality "1"]

1. e4 c6 2. d4 d5 3. Nc3 dxe4 4. Nxe4 Bf5 5. Ng3 Bg6 6. h4 h6 7. Nf3 Nd7 8. h5 Bh7 9. Bd3 Bxd3 10. Qxd3 e6 11. Bf4 Qa5+ 12. Bd2 Qc7 13. 0-0-0 Ngf6 14. Ne4 0-0-0 15. g3 Nxe4 16. Qxe4 Bd6 17. c4 Rhe8 18. Bc3 c5 19. Kb1 Nf6 20. Qe2 Qc6 21. Rh4 Bc7 22. Rc1 cxd4 23. Nxd4 Qc5 24. Ka1 Re7 25. Nb3 Qf5 26. Bxf6 Qxf6 27. c5 Rd5 28. c6 Bb6 29. cxb7+ Kxb7 30. Ra4 Rc7 31. Rac4 Rxc4 32. Qxc4 Qd8 33. g4 Qd7 34. f3 1/2-1/2

[Event "GER-ch34 V5 email"]
[Site "GER email"]
[Date "2002.03.23"]
[Round "?"]
[White "Nehring, Ernst"]
[Black "Weber, Karlheinz"]
[Result "1/2-1/2"]
[WhiteElo "2289"]
[BlackElo "2238"]
[PlyCount "63"]
[EventDate "2002.03.23"]
[EventType "tourn (corr)"]
[EventRounds "10"]
[EventCountry "GER"]
[SourceTitle "Corr 2008"]
[Source "ChessBase"]
[SourceDate "2008.06.24"]
[SourceVersion "1"]
[SourceVersionDate "2008.06.24"]
[SourceQuality "1"]

1. e4 c5 2. Nf3 d6 3. d4 cxd4 4. Nxd4 Nf6 5. Nc3 a6 6. Be3 e6 7. f3 b5 8. g4 h6 9. Qd2 Nbd7 10. 0-0-0 Bb7 11. h4 b4 12. Na4 Qa5 13. b3 Nc5 14. a3 Nxa4 15. axb4 Qc7 16. bxa4 d5 17. e5 Nd7 18. f4 Nb6 19. f5 Nxa4 20. fxe6 Nc3 21. exf7+ Kxf7 22. Bd3 Bxb4 23. Rdf1+ Kg8 24. Qf2 Ba3+ 25. Kd2 Ne4+ 26. Bxe4 dxe4 27. g5 Bd5 28. gxh6 Rc8 29. Rb1 Rh7 30. Rhg1 Ba2 31. Qf6 Bxb1 32. Qe6+ 1/2-1/2

[Event "GER-ch34 V5 email"]
[Site "GER email"]
[Date "2002.03.23"]
[Round "?"]
[White "Zimpel, Klaus"]
[Black "Nehring, Ernst"]
[Result "0-1"]
[WhiteElo "2114"]
[BlackElo "2289"]
[PlyCount "48"]
[EventDate "2002.03.23"]
[EventType "tourn (corr)"]
[EventRounds "10"]
[EventCountry "GER"]
[SourceTitle "Corr 2008"]
[Source "ChessBase"]
[SourceDate "2008.06.24"]
[SourceVersion "1"]
[SourceVersionDate "2008.06.24"]
[SourceQuality "1"]

1. e4 e5 2. Nf3 Nc6 3. Bb5 a6 4. Ba4 Nf6 5. 0-0 Be7 6. Re1 b5 7. Bb3 0-0 8. c3 d6 9. h3 Bb7 10. d4 Re8 11. a4 h6 12. Nbd2 exd4 13. cxd4 Nb4 14. Qe2 Bf8 15. axb5 Nxe4 16. Nxe4 Bxe4 17. bxa6 Bxf3 18. Bxf7+ Kxf7 19. Qxf3+ Qf6 20. Rxe8 Rxe8 21. Qc3 c5 22. Bd2 Kg8 23. a7 Ra8 24. Qc4+ Qf7 0-1